000
00222nam a2200097Ia 4500
008
240331s9999 xx 000 0 und d
082
_b
JEE
100
_a
Jeevasundarai,B
245
0
_a
Moovalur ramamirthan ammaiyar
942
_c
L
999
_c
4640
_d
4640